00450nam a22001574a 450000500170000001000170001702000260003403500170006003700300007708200120010724500330011926000480015227000530020030000280025365000110028120101111143558.0 aB-418067-090 a9788184081329c135.00 aB-418067-090 bIndiana Publishing House  a154.634 aHow to interpret your dreams aNew Delhi bIndiana Publishing House c2008 a2/13, Ansari Road, DaryaganjbNew Delhi e110002 avi, 138p. c22 cm(pbk)  aDreams